000
00313nam a2200109Ia 4500
008
171211s9999 xx 000 0 und d
245
_a
Cleaving: A Story of Marriage, Meat, and Obsession
245
_c
Julie Powell
260
_c
2010
650
_x
COOKBOOKS
856
_u
http://down.ebook777.com/064/0316003379.pdf
999
_c
348120
_d
348120